• 首页
  • 本馆介绍
  • 公告通知
  • 最新文献
  • 馆藏检索
  • 电子资源
  • 读者导购
  • 参考咨询
  • 我的图书馆
  • 登录
  • 详细信息显示
  • 放入我的书架
  • 预约/预借图书
  • 作者相关作品
  • 分类相关作品
  • 丛书相关作品
  • 出版社相关作品

书目信息

  • 表格格式
  • 工作单格式
  • 卡片格式
题名:
兵临城下872天
    
 
作者: 兵人 编著
分册:  
出版信息: 哈尔滨   哈尔滨出版社  2016
页数: 244页
开本: 24cm
丛书名:
单 册:
中图分类: K512.54 , K512.54
科图分类:
主题词: 列宁格勒保卫战(1941-1942)--通俗读物
电子资源:
ISBN: 978-7-5484-2411-6
000 00872nam0 2200241 450
001 1634846930
005 20160330120224.0
010    @a978-7-5484-2411-6@dCNY29.80
100    @a20150920d2016 em y0chiy50 ea
101 0  @achi
102    @aCN@b230000
105    @aa z 000yy
106    @ar
200 1  @a兵临城下872天@9bing lin cheng xia 872 tian@e列宁格勒保卫战@f兵人编著
210    @a哈尔滨@c哈尔滨出版社@d2016
215    @a244页@c照片@d24cm
330    @a本书以第一人称的写作方式,从士兵和指挥官的视角,结合大量翔实的史料和精美图片,再现了列宁格勒保卫战的全过程,既有对战争背景和主要人物的介绍,也有对参战武器的介绍,是角度新颖的军事历史读物。
517 1  @a列宁格勒保卫战@9lie ning ge le bao wei zhan
606 0  @a列宁格勒保卫战(1941-1942)@j通俗读物
690    @aK512.54@v5
690    @aK512.54@v4
701  0 @a兵人@9bing ren@4编著
905    @aBZT@dK512.54@e1
    
    兵临城下872天:列宁格勒保卫战/兵人编著.-哈尔滨:哈尔滨出版社,2016
    244页:照片;24cm
    
    
    ISBN 978-7-5484-2411-6:CNY29.80
    本书以第一人称的写作方式,从士兵和指挥官的视角,结合大量翔实的史料和精美图片,再现了列宁格勒保卫战的全过程,既有对战争背景和主要人物的介绍,也有对参战武器的介绍,是角度新颖的军事历史读物。
●
相关链接 在五车中查询图书 在当当中查询图书 在豆瓣中查询图书


正题名:兵临城下872天     索取号:K512.54/1         预约/预借

序号 登录号 条形码 馆藏地/架位号 状态 备注
1 810418   2000810418   第二书库/ [索取号:K512.54/1] 在馆    
2 810419   2000810419   第二书库/ [索取号:K512.54/1] 在馆    
3 810420   2000810420   第二书库/ [索取号:K512.54/1] 在馆    
山东省滨州职业学院图书馆 欢迎您!
大连网信软件有限公司© 版权所有